แสดงรายละเอียดบรรณานุกรม
  กลับหน้าหลัก

Brief Record : Get Marc (ISO 2709) : E-mail record : QR code ปิดหน้าต่าง
E-books : เกี่ยวกับ Collections
LEADER 00000nam 2200000uu 4500
001    208593
003     ULIBM
008    121110s2554||||th 000 0 tha d
020    ^a9786167342818
040    ^abcnkk
041 0  ^atha
050  4 ^aTK5105.875.I57 อ568i 2554
100 0  ^aอัมรินทร์ เพ็ชรกุล
245 10 ^aInternet + Google ฉบับสมบูรณ์./^bอัมรินทร์ เพ็ชรกุล.
246 0  ^aInternet
246 0  ^aGoogle
250    ^aพิมพ์ครั้งที่ 1
260    ^aกรุงเทพฯ : ^bซิมพลิฟาย,^c2554
300    ^a408 หน้า;^bภาพประกอบ
650  4 ^aอินเตอร์เน็ต
650  4 ^aกูเกิล (โปรแกรมคอมพิวเตอร์)
999    ^aใช้งานได้ทุกระบบ
รายการนี้ยังไม่มีแท็ก
คุณยังไม่ได้ล็อกอิน คุณสามารถมีกิจกรรมร่วมกับเว็บไซต์ได้ แต่ต้องล็อกอินก่อน ::
  ล็อกอิน
ลำดับที่ ประเภท เลขเรียก สถานที่ สถานะ
1. หนังสือทั่วไป
หนังสือทั่วไป
TK5105.875.I57 อ568i 2554  
  
หนังสือทั่วไป On Shelf
  ขอยืม
Note:ปีงบประมาณ 2555
2. หนังสือทั่วไป
หนังสือทั่วไป
สถานะ=หนังสือเก่า - บริการ ณ ห้องสมุด (ห้องเหลือง)
TK5105.875.I57 อ568i 2554 ฉ.3 
  
หนังสือทั่วไป On Shelf
  ขอยืม
Note:ปีงบประมาณ 2555
3. หนังสือทั่วไป
หนังสือทั่วไป
สถานะ=หนังสือเก่า - บริการ ณ ห้องสมุด (ห้องเหลือง)
TK5105.875.I57 อ568i 2554 ฉ.4 
  
หนังสือทั่วไป On Shelf
  ขอยืม
Note:ปีงบประมาณ 2555
   [แสดง 3/3 รายการ]

รายการใกล้เคียง
    หัวเรื่อง [อินเตอร์เน็ต]

BibComment


ยังไม่เคยถูกคอมเมนท์

คอมเมนท์ทรัพยากรรายการนี้
  คอมเมนท์: Internet Google..
Bib 208593

 
 
 

 Union Library Management : ULibM
Copyright 2026. All Rights Reserved.
скачать бесплатно без регистрации порно красивый секс HD Sex Hindi sex

xxx gou

xxxx

bfxxx

xxxwww

Секса Видео

xxxx

Секса Видео

detube

geilexxx

C99 Shell

worms shell

blod xxx video
Ebony Coed Rihanna Rimes Takes A Dick In Her Young Twat priyaa indian fuck anal and pusssy hardcore indian women xxx desi hardcore fucking part 1 bengalixxxcouple